000 00424nam a2200169Ia 4500
008 230524s9999 xx 000 0 und d
082 _a537
_bDAV
100 _aPaul D Davis
245 0 _aBasic Physics and Measurement in Anaesthesia
250 _a5TH
260 _aNEW DELHI
_bElsevier
_c2006
300 _aVII;299
500 _aQuantity Number: 2
650 _aBiomedical
700 _a Gavin N.C.Kenny
942 _cBK
999 _c37556
_d37556